[Event "Match"]
[Site "www.echecsemail.com"]
[Date "2016.04.02"]
[Round "1"]
[White "Elogic"]
[Black "Fangshuo"]
[WhiteElo "1830"]
[BlackElo "2150"]
[Result "1-0"]
[Round "1"]
1.b3 e5
2.e4 Bf8b4
3.Qd1h5 Nb8c6
4.Bf1c4 g6
5.Qh5f3 Ng8f6
6.c3 Bb4c5
7.b4 Bc5b6
8.d3 d6
9.Bc1g5 a5
10.Bg5xf6 Bc8g4
11.Bf6xd8 Bg4xf3
12.gxf3 Nc6xd8
13.bxa5 Bb6xa5
14.a4 O-O
15.Ng1h3 Nd8e6
16.Bc4xe6 fxe6
17.Ke2 d5
18.Nh3g5 Rf8f6
19.Ra1a3 Ra8f8
20.exd5 exd5
21.Nb1d2 h6
22.Ng5h3 c5
23.Rh1b1 b6
24.Nh3g1 Rf6f4
25.Rb1d1 Rf4h4
26.h3 Kg7
27.c4 Ba5xd2
28.Rd1xd2 dxc4
29.dxc4 Rh4xc4
30.Rd2d6 e4
31.Rd6xb6 exf3
32.Ng1xf3 Rf8e8
33.Kf1 Rc4c1
34.Kg2 Re8c8
35.a5 c4
36.a6 c3
37.a7 c2
38.a8Q Rc8xa8
39.Ra3xa8 Rc1b1
40.Ra8a7 Kf8
41.Rb6f6 Ke8
42.Rf6xg6 { resign }
1-0

[Event "Match"]
[Site "www.echecsemail.com"]
[Date "2016.04.02"]
[Round "1"]
[White "Caspito"]
[Black "Elogic"]
[WhiteElo "1750"]
[BlackElo "1800"]
[Result "1/2-1/2"]
[Round "1"]
1.e4 g6
2.d4 c5
3.Bf1c4 cxd4
4.Qd1xd4 f6
5.Ng1f3 e5
6.Qd4d5 Qd8e7
7.O-O Qe7e6
8.Nb1c3 Ng8e7
9.Qd5xe6 dxe6
10.b4 Ne7c6
11.Bc1a3 Nc6xb4
12.Bc4b3 Nb8c6
13.Ra1c1 Bc8d7
14.Nc3b5 O-O-O
15.c3 Nb4d3
16.Rc1c2 Bf8xa3
17.Nb5xa3 f5
18.Nf3g5 Rd8f8
19.Ng5xe6 Bd7xe6
20.Bb3xe6 Kb8
21.Be6d5 fxe4
22.Rf1b1 Rf8c8
23.Bd5xe4 Nd3c5
24.Na3c4 Nc5xe4
25.Rc2b2 Ne4xc3
26.Rb2xb7 Ka8
27.Rb1b3 Nc3xa2
28.g3 Nc6b4
29.Nc4d6 Rc8c6
30.Rb7d7 h5
31.Nd6b5 Rc6a6
32.Nb5c7 Kb7
33.Nc7xa6 Kxa6
34.Rb3a3 Kb5
35.Rd7xa7 Rh8d8
36.Ra7a5 Kc4
37.Ra5xe5 Rd8d3
{ draw }
1/2-1/2

[Event "Match"]
[Site "www.echecsemail.com"]
[Date "2016.04.02"]
[Round "1"]
[White "Mdesouza"]
[Black "Jaguar91"]
[WhiteElo "2160"]
[BlackElo "2140"]
[Result "1-0"]
[Round "1"]
1.e4 c5
2.Ng1f3 d6
3.d4 cxd4
4.Nf3xd4 Ng8f6
5.Nb1c3 a6
6.Bc1e3 e6
7.Bf1e2 Bf8e7
8.O-O O-O
9.f4 Qd8c7
10.Qd1e1 e5
11.fxe5 dxe5
12.Nd4f5 Bc8xf5
13.Rf1xf5 Nb8c6
14.Qe1g3 Kh8
15.Ra1f1 Ra8d8
16.h4 b5
17.Be2d3 Nc6b4
18.Be3g5 Nf6h5
19.Qg3f3 Be7xg5
20.hxg5 Nh5f4
21.Nc3d5 Nb4xd5
22.exd5 Nf4xd3
23.cxd3 Qc7c5
24.Kh2 Qc5xd5
25.Qf3xd5 Rd8xd5
26.Rf5xf7 Rf8xf7
27.Rf1xf7 g6
28.Rf7a7 Rd5xd3
29.Ra7xa6 Rd3d2
30.b4 Kg7
31.Ra6e6 Rd2d5
32.Re6e7 Kf8
33.Re7xh7 e4
34.a3 e3
35.Kg3 Rd5xg5
36.Kf3 e2
37.Rh7h1 Ke7
38.Rh1e1 Rg5f5
39.Kxe2 Rf5e5
40.Kd2 Re5xe1
41.Kxe1 Kd6
42.Kd2 Ke5
43.Kc3 Ke4
44.Kb3 Kd5
45.a4 bxa4
46.Kxa4 Kc6
47.Ka5 Kb7
48.Kb5 g5
49.g4 Kb8
50.Kb6 Ka8
51.b5 Kb8
52.Kc6 Ka7
53.b6 Ka8
54.Kd6 Kb7
55.Ke6 Kxb6
56.Kf6 Kc6
57.Kxg5 Kd7
58.Kf6 Ke8
59.Kg7 Ke7
60.g5 Ke8
61.g6 Ke7
62.Kh7 { resign }
1-0

[Event "Match"]
[Site "www.echecsemail.com"]
[Date "2016.04.02"]
[Round "1"]
[White "Tonino1"]
[Black "Dimos40"]
[WhiteElo "2200"]
[BlackElo "2270"]
[Result "0-1"]
[Round "1"]
1.d4 Ng8f6
2.Ng1f3 g6
3.e3 Bf8g7
4.b3 c5
5.Bc1b2 cxd4
6.exd4 O-O
7.Bf1d3 Nb8c6
8.a3 Nf6h5
9.g3 d5
10.Nb1d2 Bc8g4
11.O-O Nc6xd4
12.Ra1b1 Nd4xf3
13.Nd2xf3 Bg7xb2
14.Rb1xb2 Qd8d6
15.b4 Qd6f6
 { time }
0-1

[Event "Match"]
[Site "www.echecsemail.com"]
[Date "2016.04.02"]
[Round "1"]
[White "Mrmoto"]
[Black "Toblakay"]
[WhiteElo "1590"]
[BlackElo "1499"]
[Result "0-1"]
[Round "1"]
1.e4 c5
2.Ng1f3 Nb8c6
3.d4 cxd4
4.Nf3xd4 e5
5.Nd4xc6 bxc6
6.Nb1c3 Bf8b4
7.Bc1d2 Ng8f6
8.a3 Bb4c5
9.Bf1c4 O-O
10.Bd2g5 h6
11.Bg5xf6 Qd8xf6
12.Qd1f3 Qf6xf3
13.gxf3 Ra8b8
14.O-O-O Bc5xf2
15.Rd1f1 Bf2e3
16.Kb1 Be3d4
17.Nc3a4 d5
18.exd5 cxd5
19.Bc4xd5 Bc8d7
20.c3 Bd7xa4
21.f4 Bd4xc3
22.Rf1f2 Rf8d8
23.Bd5a2 exf4
24.Rf2c2 Ba4xc2
{ resign }
0-1

[Event "1/16 Finale"]
[Site "www.chess-mail.com"]
[Date "2016.04.02"]
[Round "1"]
[White "Szustan"]
[Black "Senitram"]
[WhiteElo "2730"]
[BlackElo "2640"]
[Result "0-1"]
[Round "1"]
1.e4 c5
2.c3 Ng8f6
3.e5 Nf6d5
4.Ng1f3 Nb8c6
5.d4 cxd4
6.cxd4 d6
7.Bf1c4 dxe5
8.dxe5 Bc8e6
9.O-O g6
10.Qd1e2 Bf8g7
11.Nb1c3 O-O
12.Bc1d2 Ra8c8
13.Nc3xd5 Be6xd5
14.Bc4xd5 Qd8xd5
15.Bd2c3 Rf8d8
16.Rf1d1 Qd5e6
17.b3 a6
18.h3 h6
19.Ra1c1 Rd8d7
20.Rd1xd7 Qe6xd7
21.Qe2e1 e6
22.Bc3b2 Rc8d8
23.Bb2a3 Bg7f8
24.Ba3xf8 Kxf8
25.Qe1e4 Qd7d3
26.Qe4f4 Kg7
27.Qf4f6 Kg8
28.Qf6h4 h5
29.Qh4f6 Qd3f5
30.Qf6xf5 gxf5
31.Kf1 Kg7
32.Rc1e1 f6
33.g3 Rd8d3
34.exf6 Kxf6
35.Re1e3 Rd3d1
36.Re3e1 Rd1d5
37.Re1c1 e5
38.h4 Rd5d3
39.Ke2 e4
40.Nf3g5 Nc6d4
41.Kf1 b5
42.Ng5h3 Rd3d2
43.a4 Nd4xb3
44.Rc1c6 Ke7
45.Rc6xa6 b4
46.Nh3f4 Nb3c5
47.Ke1 Rd2c2
48.Nf4d5 Kd7
49.Nd5f6 Kc8
50.Kd1 b3
51.Ra6b6 Rc2xf2
52.Rb6b5 Kd8
53.a5 b2
54.Nf6d5 Kd7
55.Nd5c3 Kc6
56.Rb5b6 Kc7
57.Rb6b5 Nc5e6
58.a6 e3
59.Nc3e2 Rf2f1
60.Kc2 Rf1e1
61.Ne2c3 Ne6d4
62.Kxb2 Nd4xb5
63.Nc3xb5 Kb6
64.a7 Kb7
65.Kc2 Re1g1
66.Nb5d4 Rg1xg3
67.Nd4xf5 Rg3f3
{ resign }
0-1

[Event "Eq:Los Tercios-Slap Shot Mates : "]
[Site "www.chess-mail.com"]
[Date "2016.04.02"]
[Round "1"]
[White "Julianlore"]
[Black "Mustaphly"]
[WhiteElo "2650"]
[BlackElo "2740"]
[Result "0-1"]
[Round "1"]
1.e4 c5
2.Ng1f3 e6
3.d4 cxd4
4.Nf3xd4 a6
5.Bf1d3 Ng8f6
6.O-O Qd8c7
7.Qd1e2 d6
8.c4 Bf8e7
9.Nb1c3 Nb8c6
10.Nd4xc6 bxc6
11.b3 O-O
12.Bc1b2 Nf6d7
13.Nc3a4 Bc8b7
14.c5 dxc5
15.Ra1d1 Nd7e5
16.Qe2h5 Ne5d7
17.Qh5g4 Nd7f6
18.Qg4h3 h6
19.f4 c4
20.Bb2e5 Qc7a5
21.Bd3xc4 Ra8d8
22.Rd1e1 Kh7
23.Kh1 Nf6d7
24.Be5b2 Bb7c8
25.Re1e3 Nd7f6
26.Bb2c3 Qa5h5
27.Qh3xh5 Nf6xh5
28.e5 g6
29.g4 Nh5g7
30.Bc3a5 Rd8d4
31.Ba5b6 Rd4d2
32.Re3e2 Rd2xe2
33.Bc4xe2 f5
 { time }
0-1

[Event "Eq:SIETE ESTRELLAS VERDES-Slap Shot Mates : "]
[Site "www.chess-mail.com"]
[Date "2016.04.02"]
[Round "1"]
[White "Caspito"]
[Black "Paaliaq"]
[WhiteElo "1750"]
[BlackElo "2330"]
[Result "0-1"]
[Round "1"]
1.e4 d6
2.d4 g6
3.Ng1f3 Bf8g7
4.Bf1c4 a6
5.O-O b5
6.Bc4b3 Bc8b7
7.Nf3g5 Ng8h6
8.Qd1f3 O-O
9.Bc1e3 Nb8c6
10.c3 e5
11.d5 Nc6a5
12.Nb1d2 Bb7c8
13.Bb3d1 f5
14.Nd2b3 f4
15.Ng5e6 Bc8xe6
16.dxe6 fxe3
17.Qf3xe3 Na5c4
18.Qe3e2 Qd8e7
19.a4 Qe7xe6
20.axb5 axb5
21.Nb3a5 Nc4xa5
22.Qe2xb5 Rf8b8
{ resign }
0-1

[Event "Tourn. n8697"]
[Site "www.chess-mail.com"]
[Date "2016.04.03"]
[Round "1"]
[White "Drawmaster"]
[Black "Umutkrc"]
[WhiteElo "1660"]
[BlackElo "1699"]
[Result "0-1"]
[Round "1"]
1.e4 e6
2.d4 h6
3.Ng1f3 a6
4.c4 Ng8f6
5.e5 Nf6e4
6.a3 d6
7.Bf1d3 d5
8.O-O f6
9.cxd5 Qd8xd5
10.Qd1c2 f5
11.Nb1c3 Ne4xc3
12.Qc2xc3 b5
13.Qc3xc7 Nb8c6
14.Bc1e3 Bf8e7
15.Ra1c1 Bc8d7
16.Qc7b6 O-O
17.Rf1d1 Rf8b8
18.Qb6c7 Ra8a7
{ resign }
0-1

[Event "Tourn. n8601"]
[Site "www.chess-mail.com"]
[Date "2016.04.03"]
[Round "1"]
[White "Gfalk"]
[Black "Falcoale"]
[WhiteElo "1869"]
[BlackElo "1750"]
[Result "1-0"]
[Round "1"]
1.f4 c5
2.Ng1f3 Ng8f6
3.d3 Nb8c6
4.e4 e6
5.g3 b6
6.Bf1g2 Bc8b7
7.O-O Bf8e7
8.c3 O-O
9.Nb1a3 a6
10.Qd1e2 d5
11.e5 Nf6d7
12.Na3c2 a5
13.a4 Rf8e8
14.d4 cxd4
15.cxd4 Bb7a6
16.Qe2f2 Ba6xf1
17.Bg2xf1 Nc6b4
18.Bf1b5 Re8f8
19.Nc2xb4 axb4
20.b3 Qd8c7
21.Bc1b2 Nd7b8
22.Ra1c1 Qc7d8
23.g4 Nb8a6
24.f5 exf5
25.gxf5 Na6c7
26.Bb5d3 Rf8e8
27.f6 gxf6
28.Qf2h4 Nc7e6
29.Qh4xh7 Kf8
30.Qh7h8 { resign }
1-0

[Event "Tourn. n8648"]
[Site "www.chess-mail.com"]
[Date "2016.04.03"]
[Round "1"]
[White "Cal"]
[Black "Woody"]
[WhiteElo "1740"]
[BlackElo "1810"]
[Result "0-1"]
[Round "1"]
1.d4 Ng8f6
2.Nb1c3 d5
3.h3 c5
4.dxc5 Nb8c6
5.e3 e5
6.a3 Bf8xc5
7.Bf1b5 O-O
8.Ng1f3 Bc5d6
9.Bb5xc6 bxc6
10.Bc1d2 Bc8a6
11.b4 Rf8e8
12.Nc3e2 Nf6e4
13.O-O Ba6c4
14.Rf1e1 Qd8f6
15.Ne2g3 Ne4xg3
16.fxg3 e4
17.Nf3d4 Bd6xg3
18.Re1f1 Bc4xf1
19.Qd1xf1 Qf6g5
20.Nd4xc6 Re8e6
21.Nc6d4 Re6f6
22.Qf1e2 Rf6f2
23.Qe2e1 Rf2xg2
24.Kf1 Bg3xe1
25.Ra1xe1 Rg2xd2
26.Re1e2 Rd2d1
27.Re2e1 Rd1xe1
28.Kxe1 Qg5xe3
{ resign }
0-1

[Event "Tourn. n8694"]
[Site "www.chess-mail.com"]
[Date "2016.04.03"]
[Round "1"]
[White "Daquata"]
[Black "Genius1"]
[WhiteElo "1670"]
[BlackElo "1500"]
[Result "1-0"]
[Round "1"]
1.e4 c5
2.Ng1f3 d6
3.d4 cxd4
4.Nf3xd4 Ng8f6
5.Nb1c3 a6
6.Bf1e2 e5
7.Nd4b3 Bc8e6
8.O-O Nb8d7
9.Bc1e3 Bf8e7
10.Rf1e1 Nd7b6
11.f3 Nb6c4
12.Be2xc4 Be6xc4
13.Qd1d2 O-O
14.Ra1d1 Qd8c7
15.Be3g5 Bc4xb3
16.axb3 Ra8c8
17.Bg5xf6 Be7xf6
18.Qd2xd6 Qc7a5
19.Nc3d5 Rf8d8
20.Nd5xf6 gxf6
21.Qd6xf6 { resign }
1-0

[Event "Tourn. n8612"]
[Site "www.chess-mail.com"]
[Date "2016.04.03"]
[Round "1"]
[White "0o0o0"]
[Black "Fbeley"]
[WhiteElo "1880"]
[BlackElo "1829"]
[Result "1-0"]
[Round "1"]
1.e4 e6
2.d4 d5
3.exd5 exd5
4.Bf1d3 Nb8c6
5.c3 Ng8f6
6.Bc1f4 Bf8d6
7.Bf4xd6 Qd8xd6
8.Ng1f3 O-O
9.O-O Bc8g4
10.Nb1d2 Rf8e8
11.Qd1c2 h6
12.Ra1e1 Re8e7
13.Re1xe7 Nc6xe7
14.Nf3e5 Bg4e6
15.f4 c5
16.f5 Be6d7
17.g4 Ra8c8
18.Nd2f3 Ne7c6
19.Qc2g2 cxd4
20.cxd4 Nc6b4
21.g5 hxg5
22.Nf3xg5 Bd7e8
23.Bd3b5 Be8xb5
24.Ng5xf7 Bb5xf1
25.Qg2g5 Qd6a6
26.Qg5g6 Kf8
27.Nf7d8 Ke7
28.Nd8e6 Kd6
29.Ne6xg7 Rc8f8
30.Ng7e8 Ke7
31.Ne8c7 Rf8g8
32.Nc7xa6 Rg8xg6
33.Ne5xg6 Kf7
34.Na6xb4 Bf1h3
35.Ng6h4 Ke7
36.Kf2 Kd6
37.Kg3 Bh3f1
38.Kf4 Bf1b5
39.Kg5 Nf6e4
40.Kg6 Bb5e8
41.Kg7 a5
42.Nb4d3 Ke7
43.Nh4g6 Be8xg6
44.fxg6 Ne4g5
45.Nd3e5 Ng5e6
46.Kh7 Kf8
47.Ne5d7 Ke7
48.g7 Ne6xg7
49.Kxg7 Kxd7
50.h4 { resign }
1-0

[Event "Tourn. n8668"]
[Site "www.chess-mail.com"]
[Date "2016.04.03"]
[Round "1"]
[White "Faerieking"]
[Black "Tonino1"]
[WhiteElo "2160"]
[BlackElo "2260"]
[Result "1-0"]
[Round "1"]
1.e4 c5
2.Ng1f3 d6
3.d4 cxd4
4.Nf3xd4 Ng8f6
5.Nb1c3 g6
6.Bc1e3 Bf8g7
7.f3 O-O
8.Qd1d2 Rf8e8
9.O-O-O Nb8c6
10.g4 Nc6xd4
11.Be3xd4 Bc8e6
12.h4 Nf6xg4
13.Bd4xg7 Kxg7
14.fxg4 Be6xg4
15.Bf1e2 Bg4e6
16.h5 Re8h8
17.hxg6 hxg6
18.Qd2d4 f6
19.Be2c4 Be6xc4
20.Qd4xc4 Ra8c8
21.Qc4e6 Rc8c5
22.Nc3d5 Rh8e8
23.Rd1g1 Qd8a5
24.Rg1xg6 Kxg6
25.Qe6g4  { time }
1-0

[Event "Tourn. n8697"]
[Site "www.chess-mail.com"]
[Date "2016.04.03"]
[Round "1"]
[White "Sorren"]
[Black "Umutkrc"]
[WhiteElo "1890"]
[BlackElo "1699"]
[Result "1-0"]
[Round "1"]
1.e4 d6
2.d4 a6
3.Ng1f3 h6
4.Nb1c3 e6
5.Bf1c4 b5
6.Bc4b3 Nb8d7
7.O-O Ng8f6
8.Rf1e1 b4
9.Nc3a4 c5
10.dxc5 Nd7xc5
11.Na4xc5 dxc5
12.Qd1xd8 Kxd8
13.Bc1f4 g5
14.Bf4e5 Bf8g7
15.Ra1d1 Ke7
16.Be5d6 Ke8
17.Bd6xc5 Bc8b7
18.e5 Nf6g4
19.Bc5d6 Bg7f8
20.Bd6xf8 Kxf8
21.h3 h5
22.hxg4 hxg4
23.Nf3xg5 Rh8h5
24.Ng5e4 Ke7
25.Ne4c5 Bb7c6
26.Bb3a4 Ra8h8
27.Kf1 Bc6xa4
28.Nc5xa4 Rh8c8
29.c3 bxc3
30.Na4xc3 f6
31.exf6 Kxf6
32.Rd1d6 Rh5h1
33.Ke2 Rh1xe1
34.Kxe1 Ke5
35.Rd6xa6 Kd4
36.Ra6xe6 Kd3
37.Re6g6 Kc2
38.Nc3a4 Kd3
39.Rg6d6 { resign }
1-0

[Event "Tourn. n8666"]
[Site "www.chess-mail.com"]
[Date "2016.04.03"]
[Round "1"]
[White "Osopanda"]
[Black "Tonino1"]
[WhiteElo "2050"]
[BlackElo "2200"]
[Result "0-1"]
[Round "1"]
1.d4 Ng8f6
2.c4 g6
3.Nb1c3 Bf8g7
4.e4 d6
5.f4 c5
6.d5 Nb8d7
7.Ng1f3 O-O
8.Bf1d3 a6
9.O-O Qd8c7
10.Qd1e2 Nf6e8
11.Bc1e3 e5
12.Ra1e1 exf4
13.Be3xf4 Nd7e5
14.Nf3xe5 dxe5
15.Bf4e3 Ne8d6
16.g4 f5
17.gxf5 gxf5
18.Qe2h5 f4
19.Be3f2 Bc8d7
20.Kh1 Bd7e8
21.Qh5h3 b5
22.cxb5 axb5
23.Nc3e2 Ra8xa2
24.Rf1g1 Be8g6
25.Qh3e6 Kh8
26.Rg1xg6 hxg6
27.Qe6xg6 c4
28.Bd3b1 Ra2xb2
29.h4 Rf8f6
30.Qg6h5 Rf6h6
31.Qh5g4 c3
32.Bb1d3 Qc7e7
33.Re1f1 Rb2d2
34.Bd3b1 c2
35.Bb1a2 Nd6xe4
36.Qg4c8 Bg7f8
37.Qc8g4 Ne4xf2
38.Rf1xf2 Rd2xe2
39.Qg4xe2 c1Q
40.Rf2f1 Rh6xh4
41.Kg1 Qe7g5
{ resign }
0-1

[Event "Match"]
[Site "www.echecsemail.com"]
[Date "2016.04.03"]
[Round "1"]
[White "Picalojack"]
[Black "Chessexpert"]
[WhiteElo "1499"]
[BlackElo "1400"]
[Result "0-1"]
[Round "1"]
1.c4 e6
2.Nb1c3 d5
3.cxd5 exd5
4.d4 Ng8f6
5.Ng1f3 Bf8e7
6.Nf3e5 O-O
7.f3 Nb8d7
8.f4 c6
9.Bc1d2 Rf8e8
 { time }
0-1

[Event "Match"]
[Site "www.echecsemail.com"]
[Date "2016.04.03"]
[Round "1"]
[White "Genius7"]
[Black "Toblakay"]
[WhiteElo "1780"]
[BlackElo "1499"]
[Result "0-1"]
[Round "1"]
1.d4 d5
2.Ng1f3 Ng8f6
3.Bc1f4 c5
4.c3 Nb8c6
5.e3 Qd8b6
6.Qd1b3 c4
7.Qb3xb6 axb6
8.Nb1d2 b5
9.Nf3e5 Nc6xe5
10.Bf4xe5 b4
11.cxb4 e6
12.a3 Bf8xb4
13.axb4 Ra8xa1
14.Ke2 Ra1a2
{ resign }
0-1

[Event "Match"]
[Site "www.echecsemail.com"]
[Date "2016.04.03"]
[Round "1"]
[White "Chessnadja"]
[Black "George1955"]
[WhiteElo "2469"]
[BlackElo "2770"]
[Result "1/2-1/2"]
[Round "1"]
1.b3 e5
2.e3 Nb8c6
3.d4 exd4
4.exd4 Ng8f6
5.Ng1f3 d5
6.Bf1b5 Bf8d6
7.O-O O-O
8.c4 Bc8g4
9.Bb5xc6 bxc6
10.c5 Bd6e7
11.Qd1d3 Qd8c8
12.Nf3e5 Bg4f5
13.Qd3d1 Qc8b7
14.Qd1f3 Bf5e6
15.Nb1c3 Nf6d7
16.Bc1f4 Nd7xe5
17.Bf4xe5 f6
18.Be5g3 Ra8e8
19.Rf1e1 { draw }
1/2-1/2

[Event "Match"]
[Site "www.echecsemail.com"]
[Date "2016.04.03"]
[Round "1"]
[White "Ranjachess"]
[Black "Rindrandria"]
[WhiteElo "1760"]
[BlackElo "1560"]
[Result "1-0"]
[Round "1"]
1.e4 g5
2.Nb1c3 Nb8c6
3.d3 Bf8h6
4.Qd1h5 Nc6d4
5.Kd1 e5
6.h4 Qd8f6
7.f3 Bh6g7
8.Nc3d5 Qf6c6
9.c3 Nd4b5
10.a4 Nb5d6
11.Qh5xg5 Kf8
12.Rh1h3 Nd6e8
13.d4 exd4
14.cxd4 Bg7xd4
15.Ng1e2 Bd4f6
16.Qg5e3 d6
17.Rh3g3 Bf6xh4
18.Rg3xg8 Kxg8
19.Ne2f4 Bh4g5
20.Bf1b5 Bg5xf4
21.Qe3xf4 Qc6c5
22.Bb5xe8 Bc8e6
23.Nd5f6 Kf8
24.Nf6d7 Be6xd7
25.Qf4xf7 
1-0

[Event "Match"]
[Site "www.echecsemail.com"]
[Date "2016.04.03"]
[Round "1"]
[White "Susov"]
[Black "Cheminet"]
[WhiteElo "1930"]
[BlackElo "1930"]
[Result "0-1"]
[Round "1"]
1.e4 c5
2.Ng1f3 Nb8c6
3.d4 cxd4
4.Nf3xd4 g6
5.Bc1e3 Ng8f6
6.Nd4xc6 bxc6
7.Qd1d2 Nf6xe4
8.Nb1c3 Ne4xd2
{ resign }
0-1

[Event "1/64 Finale"]
[Site "www.chess-mail.com"]
[Date "2016.04.03"]
[Round "1"]
[White "Badshahc"]
[Black "Fabos12"]
[WhiteElo "2180"]
[BlackElo "1670"]
[Result "1-0"]
[Round "1"]
1.a3 g6
2.d4 d5
3.Ng1f3 Nb8c6
4.e3 Bf8g7
5.b4 Bc8g4
6.b5 e5
7.bxc6 bxc6
8.Bf1e2 Bg4xf3
9.Be2xf3 e4
10.Bf3e2 Qd8d7
11.c4 Ng8e7
12.Qd1b3 O-O
13.O-O Rf8b8
14.Qb3c2 h5
15.Nb1d2 a5
16.Ra1b1 Kh7
17.Rb1xb8 Ra8xb8
18.Bc1b2 f5
19.f4 Ne7g8
20.cxd5 cxd5
21.Rf1b1 Bg7f6
22.Bb2c1 Rb8b6
23.Nd2b3 a4
24.Nb3c5 Qd7c6
25.Rb1xb6 cxb6
26.Qc2xa4 Qc6xa4
27.Nc5xa4 Bf6d8
28.Na4c3 Ng8e7
29.Be2d1 Kg7
30.Bd1b3 Kh6
31.Bb3xd5 Ne7xd5
32.Nc3xd5 g5
33.g3 h4
34.Bc1d2 Kh5
35.Bd2e1 gxf4
36.Nd5xf4 Kg4
37.Kg2 h3
38.Nf4xh3  { time }
1-0

[Event "1/64 Finale"]
[Site "www.chess-mail.com"]
[Date "2016.04.03"]
[Round "1"]
[White "Darko10"]
[Black "Buchauer"]
[WhiteElo "2510"]
[BlackElo "2309"]
[Result "0-1"]
[Round "1"]
1.e4 c5
2.Ng1f3 d6
3.d4 cxd4
4.Qd1xd4 Nb8c6
5.Bf1b5 Bc8d7
6.Bb5xc6 Bd7xc6
7.Nb1c3 Ng8f6
8.Bc1g5 e6
9.O-O-O Bf8e7
10.Rh1e1 O-O
11.e5 dxe5
12.Nf3xe5 Qd8xd4
13.Rd1xd4 Rf8c8
14.f3 h6
15.Bg5h4 a6
16.Rd4d3 g5
17.Bh4f2 b5
18.a3 Bc6e8
19.h3 Kf8
20.Ne5g4 Nf6h5
21.Nc3e2 a5
22.Ng4e5 Rc8c7
23.Rd3d1 Ra8c8
24.Rd1d2 b4
25.axb4 Be7xb4
26.c3 Bb4e7
27.Ne5g4 a4
28.Kb1 Kg7
29.h4 gxh4
30.Re1h1 Nh5g3
31.Ne2xg3 hxg3
32.Bf2xg3 Rc7b7
33.Ka1 f6
34.Ng4f2 e5
35.Bg3h4 a3
36.Nf2e4 Be8g6
37.bxa3 Rb7a7
38.Rh1h3 Rc8a8
39.Kb2 Ra7xa3
40.Kc2 h5
41.Kd3 Ra8d8
42.Ke2 Rd8xd2
43.Kxd2 Ra3a2
44.Ke1 Bg6f5
45.Rh3h2 Kg6
46.Bh4f2 Bf5e6
47.Ne4d2 Be7d8
48.Bf2e3 Bd8a5
49.Rh2h4 Ba5xc3
50.g4 hxg4
51.fxg4 Be6d7
52.Kd1 Bc3a5
53.Ke1 Ra2a4
54.Kf2 Bd7xg4
55.Nd2b3 Ba5c3
56.Rh4h6 Kf5
57.Rh6h1 Ra4a2
58.Kg3 Ra2e2
59.Rh1f1 Kg6
60.Be3d4 Bc3xd4
61.Nb3xd4 exd4
62.Kxg4 Re2e4
63.Kf3 Kf5
64.Rf1a1 Re4e3
65.Kf2 Ke4
66.Ra1a8 f5
67.Ra8f8 f4
68.Rf8e8 Kd3
{ resign }
0-1

[Event "Tourn. n8659"]
[Site "www.chess-mail.com"]
[Date "2016.04.04"]
[Round "1"]
[White "Bojan"]
[Black "Osopanda"]
[WhiteElo "2020"]
[BlackElo "2060"]
[Result "0-1"]
[Round "1"]
1.c4 c6
2.d4 d5
3.cxd5 cxd5
4.Nb1c3 Nb8c6
5.Ng1f3 e6
6.a3 Ng8f6
7.e3 Bf8d6
8.Qd1a4 O-O
9.b4 a6
10.b5 Nc6e7
11.bxa6 bxa6
12.Bf1d3 Bc8d7
13.Qa4c2 Ra8c8
14.Qc2d2 Nf6e4
15.Bd3xe4 dxe4
16.Nc3xe4 Bd6c7
17.O-O Bc7a5
18.Qd2a2 Bd7b5
19.Rf1d1 Ne7d5
20.Bc1d2 Bb5c4
21.Qa2b2 Rc8b8
22.Qb2c1 Bc4b3
23.Bd2xa5 Qd8xa5
24.Rd1d2 Rf8c8
25.Qc1e1 Bb3c2
26.Ne4g3 Bc2g6
27.Nf3e5 f6
28.Ne5xg6 hxg6
29.Ng3e4 Kf7
30.Ne4d6 Kg8
31.Nd6xc8 Rb8xc8
32.e4 Nd5f4
33.g3 Nf4h3
34.Kg2 Qa5h5
35.Qe1e3 Nh3g5
36.h4 Ng5f7
37.Ra1b1 Nf7d6
38.Rd2b2 Kh7
39.Kh3 g5
40.f4 gxh4
41.gxh4 g5
42.fxg5 fxg5
43.Rb2g2 Qh5xh4
{ resign }
0-1

[Event "Tourn. n8669"]
[Site "www.chess-mail.com"]
[Date "2016.04.04"]
[Round "1"]
[White "Ejner"]
[Black "Tonino1"]
[WhiteElo "2249"]
[BlackElo "2250"]
[Result "1-0"]
[Round "1"]
1.c4 Ng8f6
2.Ng1f3 g6
3.Nb1c3 Bf8g7
4.e4 d6
5.d4 O-O
6.Bf1e2 e5
7.d5 Nb8d7
8.Bc1e3 Nf6e8
9.g4 a5
10.Nf3d2 Nd7c5
11.Nd2b3 b6
12.h4 f5
13.gxf5 gxf5
14.exf5 Bc8xf5
15.Nb3xc5 dxc5
16.Be2d3 Ne8d6
17.Bd3xf5 Nd6xf5
18.Nc3e4 Nf5xe3
19.fxe3 Bg7h6
20.Rh1g1 Kh8
21.Qd1h5 Bh6xe3
22.Qh5xe5  { time }
1-0

[Event "Tourn. n8561"]
[Site "www.chess-mail.com"]
[Date "2016.04.04"]
[Round "1"]
[White "Huw"]
[Black "Andychesston"]
[WhiteElo "2220"]
[BlackElo "2000"]
[Result "1-0"]
[Round "1"]
1.d4 d5
2.c4 Ng8f6
3.Ng1f3 Bc8g4
4.Nb1c3 e6
5.e3 a6
6.Qd1b3 b6
7.Nf3e5 Bf8d6
8.Ne5xg4 Nf6xg4
9.h3 Ng4f6
10.cxd5 O-O
11.dxe6 fxe6
12.Qb3xe6 Kh8
13.Bf1d3 Rf8e8
14.Qe6f5 Nb8c6
15.a3 Nc6e7
16.Qf5f3 Re8f8
17.Qf3e2 b5
18.Bc1d2 g6
19.e4 Nf6h5
20.e5 Ne7c6
21.exd6 Rf8e8
22.Nc3e4 Nc6xd4
23.Bd2c3 c5
24.O-O Nh5f4
25.Qe2d2 Re8f8
26.Bd3b1 h5
27.Bc3xd4 cxd4
28.Qd2xd4 Kh7
29.Qd4d2 Ra8a7
30.Bb1a2 Rf8f5
31.Kh2 g5
32.Ra1c1 Rf5e5
33.g3 Re5xe4
34.Ba2b1 Qd8a8
35.gxf4 Kg7
36.Bb1xe4 Qa8xe4
37.fxg5 Ra7d7
38.Rf1e1 Qe4f5
39.Qd2d4 Kg6
40.f4 Qf5f8
41.Re1e6 Kh7
42.Re6h6 Kg8
43.Qd4h8 Kf7
44.Qh8f6 Ke8
45.Rc1c8 Rd7d8
46.Qf6e6 { resign }
1-0

[Event "Tourn. n8656"]
[Site "www.chess-mail.com"]
[Date "2016.04.04"]
[Round "1"]
[White "Tonino1"]
[Black "Aperturaf"]
[WhiteElo "2200"]
[BlackElo "2500"]
[Result "0-1"]
[Round "1"]
1.d4 d5
2.Ng1f3 e6
3.e3 c5
4.b3 Ng8f6
5.Bc1b2 Nb8c6
6.a3 cxd4
7.exd4 Nf6e4
8.Nb1d2 f5
9.Bf1d3 a5
10.O-O Bf8e7
11.Nf3e5 Nc6xe5
12.dxe5 O-O
13.f4 Be7c5
14.Kh1 Ne4f2
15.Rf1xf2 Bc5xf2
16.Qd1f3 Qd8b6
17.c4 Rf8d8
18.cxd5 Rd8xd5
19.Nd2c4 Qb6xb3
20.Qf3xf2 Rd5xd3
21.Ra1c1 b5
 { time }
0-1

[Event "Tourn. n8648"]
[Site "www.chess-mail.com"]
[Date "2016.04.04"]
[Round "1"]
[White "Woody"]
[Black "Hundegana"]
[WhiteElo "1810"]
[BlackElo "1900"]
[Result "1-0"]
[Round "1"]
1.d4 c5
2.d5 d6
3.c4 g6
4.Nb1c3 h5
5.Qd1c2 Bf8g7
6.e4 Nb8d7
7.Bf1e2 Nd7e5
8.f4 Ne5g4
9.h3 Ng4h6
10.Ng1f3 f6
11.Bc1e3 a6
12.O-O Bc8d7
13.Nf3h4 Kf7
14.f5 e6
15.fxe6 Bd7xe6
16.dxe6 Kxe6
17.Nh4xg6 Rh8h7
18.Ra1d1 Ng8e7
19.e5 Ne7xg6
20.Qc2xg6 Qd8h8
21.Rd1xd6 Ke7
22.Nc3d5 Kf8
23.Rd6xf6 Bg7xf6
24.Be3xc5 { resign }
1-0

[Event "Tourn. n8653"]
[Site "www.chess-mail.com"]
[Date "2016.04.04"]
[Round "1"]
[White "Aperturaf"]
[Black "Starwind"]
[WhiteElo "2500"]
[BlackElo "2470"]
[Result "0-1"]
[Round "1"]
1.e4 e5
2.f4 exf4
3.Ng1f3 g5
4.h4 g4
5.Nf3e5 Ng8f6
6.Bf1c4 d5
7.exd5 Bf8d6
8.d4 Nf6h5
9.Nb1c3 O-O
10.Nc3e2 Qd8e7
11.Ne2xf4 Nh5g3
12.Nf4e6 fxe6
13.Qd1xg4 Qe7g7
 { time }
0-1

[Event "Tourn. n8652"]
[Site "www.chess-mail.com"]
[Date "2016.04.04"]
[Round "1"]
[White "Daquata"]
[Black "Watford"]
[WhiteElo "1630"]
[BlackElo "1690"]
[Result "0-1"]
[Round "1"]
1.e4 c5
2.Ng1f3 Nb8c6
3.d4 cxd4
4.Nf3xd4 Ng8f6
5.Nb1c3 e5
6.Nd4b3 Bf8b4
7.Bf1d3 d5
8.exd5 Nf6xd5
9.Bc1d2 Bb4xc3
10.bxc3 O-O
11.Bd3e4 Nd5e7
12.O-O f5
13.Be4xc6 Ne7xc6
14.Rf1e1 f4
15.Qd1e2 f3
16.gxf3 Qd8d5
17.Kg2 Rf8f6
18.Ra1d1 Qd5f7
19.Nb3c5 b6
20.Nc5e4 Rf6g6
21.Ne4g3 Bc8b7
22.Re1g1 Ra8e8
23.Kh1 Re8f8
24.Ng3e4 Qf7xf3
{ resign }
0-1

[Event "Tourn. n8660"]
[Site "www.chess-mail.com"]
[Date "2016.04.04"]
[Round "1"]
[White "Goofy"]
[Black "Aperturaf"]
[WhiteElo "2320"]
[BlackElo "2500"]
[Result "1-0"]
[Round "1"]
1.e4 e6
2.Nb1c3 d5
3.d4 Ng8f6
4.e5 Nf6d7
5.f4 c5
6.Ng1f3 Nb8c6
7.Bc1e3 Bf8e7
8.Qd1d2 O-O
9.dxc5 Be7xc5
10.O-O-O Qd8a5
11.a3 Rf8d8
12.Kb1 a6
13.Bf1d3  { time }
1-0

[Event "Match"]
[Site "www.echecsemail.com"]
[Date "2016.04.04"]
[Round "1"]
[White "Toblakay"]
[Black "Picalojack"]
[WhiteElo "1499"]
[BlackElo "1499"]
[Result "1-0"]
[Round "1"]
1.d4 d5
2.c4 Ng8f6
3.Nb1c3 dxc4
4.Ng1f3 g6
5.e4 e5
6.Nf3xe5 Bc8e6
7.Ne5xc4 a6
8.d5 Be6g4
9.f3 Bg4d7
10.Bc1g5  { time }
1-0

[Event "Match"]
[Site "www.echecsemail.com"]
[Date "2016.04.04"]
[Round "1"]
[White "Andregor"]
[Black "Snickers"]
[WhiteElo "2610"]
[BlackElo "1809"]
[Result "1-0"]
[Round "1"]
1.e4 c5
2.Ng1f3 Nb8c6
3.d4 cxd4
4.Nf3xd4 e5
5.Nd4b5 d6
6.Nb1c3 a6
7.Nb5a3 b5
8.Nc3d5 Ng8f6
9.Bc1g5 Bf8e7
10.Bg5xf6 Be7xf6
11.c3 Bc8e6
12.Nd5xf6 gxf6
13.Na3c2 d5
14.exd5 Qd8xd5
15.Qd1xd5 Be6xd5
16.a4 Ra8b8
17.O-O-O Nc6e7
18.axb5 axb5
19.Nc2b4 Bd5a8
20.Nb4a6 { resign }
1-0

[Event "Match"]
[Site "www.echecsemail.com"]
[Date "2016.04.04"]
[Round "1"]
[White "Tonino1"]
[Black "Fvdp"]
[WhiteElo "2290"]
[BlackElo "2370"]
[Result "0-1"]
[Round "1"]
1.d4 Ng8f6
2.Ng1f3 c5
3.e3 g6
4.Bf1d3 Bf8g7
5.O-O O-O
6.b3 d5
7.Bc1b2 cxd4
8.exd4 Nb8c6
9.a3 Nf6e4
10.Nb1d2 Ne4c5
11.Bd3e2 Nc5e6
12.c3 Ne6f4
 { time }
0-1